000 01298pam a2200361 i 4500
001 45577
003 BD-RJUL
005 20211209054033.0
008 160727s1979 nyu b 001 0 eng
020 _a0080224784
035 _aBD-RJUL 45695
035 _a(OCoLC)04549799
035 _aGLIS00079536
040 _aDLC
_cDLC
_dMYG
_beng
041 _aeng
082 _223
_a342.7
_bMEI 1981
099 _aK3823.M3
100 1 _aMeagher, Robert F.
_9139522
245 1 3 _aAn international redistribution of wealth and power :
_ba study of the Charter of economic rights and duties of States /
_cRobert F. Meagher.
260 _aNew York :
_bPergamon Press,
_cc1979 [Printing 1981]
300 _axvii, 303 p. ;
_c24 cm.
490 1 _aPergamon policy studies ;
_v no. 21
500 _a"The Charter of economic rights and duties of States": p. 181-193.
500 _aIncludes index.
504 _aBibliography: p. 287-298.
600 _y
_9165256
610 2 0 _aUnited Nations.
_bGeneral Assembly.
_9165257
650 0 _aInternational economic relations.
_9139524
710 2 _aUnited Nations.
_bGeneral Assembly.
_tCharter of Economic Rights and Duties of States.
_f1979.
_9139525
830 0 _aPergamon policy studies ;
_vno. 21.
_9129009
942 _2ddc
_cBK
999 _c45577
_d45577